| 000 | 00610nam a2200145Ia 4500 | ||
|---|---|---|---|
| 008 | 090122s9999 xx 000 0 und d | ||
| 082 |
_b9043 _a617 |
||
| 100 |
_aजायस्वाल _bजयनारायण |
||
| 245 | _aचुंबक चिकित्सा शास्त्र व प्रयोग | ||
| 600 | _aजायस्वाल | ||
| 630 | _aचुंबक चिकित्सा शास्त्र व प्रयोग | ||
| 700 | _aजायस्वाल | ||
| 730 | _aचुंबक चिकित्सा शास्त्र व प्रयोग | ||
| 942 | _cBOOK | ||
| 999 |
_c33120 _d33120 |
||